Słynny piłkarz - quiz obrazkowy #5 - Statystyki

Ogólne statystyki
  • Ten quiz został rozwiązany 978 razy
  • Średni wynik to 9 z 15
Statystyki odpowiedzi
Obrazkowy Odpowiedź % Poprawnych
Arkadiusz Milik
98%
Mesut Özil
94%
Thiago Silva
89%
Ruud Gullit
84%
Isco
82%
Ousmane Dembélé
77%
Paolo Maldini
75%
Thibaut Courtois
72%
Kazimierz Deyna
61%
Oliver Kahn
48%
George Best
42%
Franz Beckenbauer
25%
Andreas Granqvist
22%
Lew Jaszyn
17%
Sardar Azmun
12%
Nie znaleziono quizów pasujących do podanych kryteriów
Rozkład punktacji
Procent ludzi z każdym wynikiem
Percentyl według liczby udzielonych odpowiedzi
Twoja historia wyników
Nie rozwiązałeś tego quizu